00344 a2200097 4500001001000000005001700010008004100027245005500068100002500123773009800148ART_5933720260410162022.0260409a 10aNaturaleza jurídica de los alimentos provisorios1 aScasserra, Selene I.0 tTemas de derecho de familia, sucesiones y bioéticag- Año 7, N° 10 (oct. 2023)wREV41029